000 00922cam a22001814a 4500
005 20250605164354.0
008 250528s ||||||||||||||||||||||||d
035 _a24258
040 _aGR-AtMCL
_bgre
_dGR-AtMCL
_eAACR2
245 1 _aEssential Drugs / World Health - The Magazine of the World Health Organization
260 _bWorld Health,
_c1992
300 _a31
520 _aHow Essential is an Essential Drugs Policy, Safe Drugs for Everyone, Actions for Equity, Effective - but are They Safe, How Many Drugs Do We Really Need, A Himalayan Challenge, Don't Use Drugs Lightly, Antibiotics: An Overworked Remedy, A Drug Policy that Bears Fruit, Why are Injections so Popular, Involving the Consumers, Unwelcome Gifts, Pharmacy Self Care in Australia, WHO and Industry Working Together.
700 1 _aNakajima Hiroshi
_99435
942 _cCR
999 _c9148
_d9148